Daily life of the ancient Egyptians (Record no. 16527)
[ view plain ]
| 000 -LEADER | |
|---|---|
| fixed length control field | 01323nam a2200325 a 4500 |
| 082 04 - DEWEY DECIMAL CLASSIFICATION NUMBER | |
| Classification number | 932 |
| 100 1# - MAIN ENTRY--AUTHOR NAME | |
| Personal name | Brier, Bob. |
| 245 10 - TITLE STATEMENT | |
| Title | Daily life of the ancient Egyptians |
| 260 ## - PUBLICATION, DISTRIBUTION, ETC. (IMPRINT) | |
| Place of publication | Westport, Conn. : |
| Name of publisher | Greenwood Press, |
| Year of publication | 1999. |
| 300 ## - PHYSICAL DESCRIPTION | |
| Number of Pages | xiv, 253 p. : |
| Other physical details | ill. |
| 490 1# - SERIES STATEMENT | |
| Series statement | The Greenwood Press "Daily life through history" series, |
| 700 1# - ADDED ENTRY--PERSONAL NAME | |
| Personal name | Hobbs, A. Hoyt. |
| 856 40 - ELECTRONIC LOCATION AND ACCESS | |
| Uniform Resource Identifier | http://site.ebrary.com/lib/rucke/Doc?id=5005077 |
No items available.
